000 00960nam a22003017a 4500
003 CHAP
005 20220329140105.0
008 971013s1947 r 00010 d
010 _a46824
011 _a47796
035 _a51939
040 _cCHAP
082 _a972.014
_bV3
100 0 0 _aVaillant, George C.
_9117190
245 _aAztecs of México
_b: origin, rise and fall of the Aztec Nation
260 _aGarden Citym N.V. :
_bDoubleday,
_c1947
300 _a340 p.
_b: ilus.
590 _aBATCH-UPD
_b10
_c20130110
_lUCH01
_h0146
590 _aBATCH-UPD
_b10
_c20130110
_lUCH01
_h1541
590 _aBATCH-UPD
_b10
_c20130410
_lUCH01
_h0943
590 _aBATCH-UPD
_b10
_c20130914
_lUCH01
_h0512
590 _aCONVERSION
_b10
_c20130109
_lUCH01
_h1326
650 1 4 _aAztecas.
_99195
650 1 4 _aMéxico
_xHistoria
_xEpoca prehispánica.
_976759
901 _aBK
942 _cLIBRO
949 _a972.014 V3
_bBC
_cLIBRO
_d33724000150751
_eLIBRO
_h25871
_i51939
_mD
_si
999 _c46824
_d46824